000 00437nam a2200181Ia 4500
001 3373
005 20260306145638.0
008 260306t1985||||xx |||||||||||||| ||spa||
041 _aESP
082 _a270.1
_bP645
100 _aPiñero Carrion, Jose María
_eAUT
245 0 _aLa ley de la iglesia:
_binstituciones canónicas
260 _c1985
300 _a
_c21 cm.
650 _aGEN
654 _aCHU
942 _cLIB
_dJUS
_fJUS
_2ddc
_n
999 _c3373
_d3373